El alcalde de Zalamea: tragedia en tres jornadas

Guardat en:
Dades bibliogràfiques
Autor principal: Calderón de la Barca, Pedro (Autor)
Format: Llibre
Idioma:espanyol
Publicat: Buenos Aires Sopena 1952
Edició:4a. ed
Col·lecció:Biblioteca Mundial Sopena
Matèries:
Etiquetes: Afegir etiqueta
Sense etiquetes, Sigues el primer a etiquetar aquest registre!

MARC

LEADER 00000nam a2200000 a 4500
001 UCQ3329
003 CL-VaPUC
008 980817e19520000AG |||||||||||||||||spa|d
082 0 4 |a 862  |b CAL  |2 21 
100 0 |a Calderón de la Barca, Pedro  |e author  |9 316207 
245 1 3 |a El alcalde de Zalamea: tragedia en tres jornadas 
250 |a 4a. ed 
300 |a 142 p 
942 |c BK 
945 |d 19980817 00:00:00  |a lriquelm 
260 |a Buenos Aires  |b Sopena  |c 1952 
650 0 |a Dramas españoles  |9 267081 
650 0 |a Literatura española  |9 306261 
583 |a last modification  |c 19980817 00:00:00  |k Rodrigo Vera 
490 0 |a Biblioteca Mundial Sopena 
999 |c 273918  |d 273916 
952 |0 0  |1 0  |4 0  |6 862_000000000000000_CAL_1952  |7 0  |8 A  |9 309900  |a BIBEDU  |b BIBEDU  |d 2019-11-20  |i 1453459  |o 862 CAL 1952  |p 1453459  |r 2019-11-20  |w 2019-11-20  |y BK  |k LIT